000 00246nam a22001217a 4500
040 _cSK
082 _a333
100 _aជួង សុផល
245 _aIrrigation management
260 _aNSW
_bជួង
_c2001
300 _a20p.
942 _cEK
999 _c8634
_d8634